000 00347pam a2200157a 44500
008 230515b1987 xxu||||| |||| 00| 0 eng d
020 _aNULL
041 _aENGL
082 _a690 /BEE
100 _aBEEDLE LYNN
245 _aADVANCES IN TALL BUILDINGS
250 _aN.D.
260 _aNULL
_bC.B.S
_c1987
300 _a693 HB
650 _aNULL
999 _c621014
_d621014